| 000 | 01400cam a2200241 4500500 | ||
|---|---|---|---|
| 005 | 20260111095523.0 | ||
| 041 | _afre | ||
| 042 | _adc | ||
| 100 | 1 | 0 |
_aBo, Xu _eauthor |
| 245 | 0 | 0 | _aLa Chine, la France et la Première Guerre mondiale : du symbole à l’histoire |
| 260 | _c2019. | ||
| 500 | _a45 | ||
| 520 | _aLa venue en France de 140 000 travailleurs chinois durant la Seconde Guerre mondiale pour participer à l’effort de guerre au côté des alliés et un épisode méconnu de l’histoire des relations franco-chinoises. Sa mémoire devrait cependant contribuer à permettre aux relations entre ces deux pays d’entrer dans une nouvelle ère plus fraternelle. | ||
| 520 | _aThe arrival in France of 140,000 Chinese workers during the Second World War to participate in the war effort alongside the allies is an unknown episode in the history of Franco-Chinese relations. This memory, however, should help relations between these two countries to enter a new, more fraternal era. | ||
| 690 | _acommémoration | ||
| 690 | _aPremière guerre mondiale | ||
| 690 | _arelations franco-chinoises | ||
| 690 | _acommemoration | ||
| 690 | _aFirst World War | ||
| 690 | _aFrance-China relations | ||
| 786 | 0 | _nMonde chinois | 57 | 1 | 2019-05-13 | p. 152-160 | 1767-3755 | |
| 856 | 4 | 1 | _uhttps://shs.cairn.info/revue-monde-chinois-2019-1-page-152?lang=fr&redirect-ssocas=7080 |
| 999 |
_c1629390 _d1629390 |
||